Jagiellonia Białystok 2024/2025 - Statystyki

Ogólne statystyki
  • Ten quiz został rozwiązany 203 razy
  • Średni wynik to 8 z 11
Statystyki odpowiedzi
Pozycja Podstawowi zawodnicy % Poprawnych
Napastnik Afimico Pululu
97%
Ofensywny pomocnik Jesus Imaz
95%
Bramkarz Sławomir Abramowicz
95%
Środkowy obrońca Mateusz Skrzypczak
81%
Defensywny pomocnik Taras Romanczuk
81%
Lewy skrzydłowy Darko Churlinov
64%
Prawy obrońca Michal Sacek
58%
Lewy obrońca João Moutinho
57%
Defensywny pomocnik Leon Flach
54%
Środkowy obrońca Enzo Ebosse
52%
Prawy skrzydłowy Miki Villar
44%
Nie znaleziono quizów pasujących do podanych kryteriów
Rozkład punktacji
Procent ludzi z każdym wynikiem
Percentyl według liczby udzielonych odpowiedzi
Twoja historia wyników
Nie rozwiązałeś tego quizu